[Event "Victoria Grand Pacific op 17th"]
[Site "Victoria"]
[Date "2024.03.31"]
[Round "4"]
[White "Malek, Omid"]
[Black "Currie, James"]
[Result "1-0"]
[WhiteElo "2202"]
[BlackElo "1994"]
[PlyCount "71"]
[EventDate "2024.03.29"]
[EventType "swiss"]
[EventRounds "6"]
[EventCountry "CAN"]
[SourceTitle "CB16_2024"]
[SourceDate "2024.04.17"]
[SourceVersion "1"]
[SourceVersionDate "2024.04.17"]
[SourceQuality "1"]

1. d4 Nf6 2. Bf4 c5 3. e3 Qb6 4. Na3 Qxb2 5. Nb5 Nd5 6. a3 Na6 7. Rb1 Qa2 8. Rb3 Nxf4 9. Nc3 Qxb3 10. cxb3 Ne6 11. Nf3 g6 12. d5 Nec7 13. d6 Bg7 14. Nb5 Nxb5 15. Bxb5 Nb8 16. Qd5 Nc6 17. dxe7 Nxe7 18. Qxc5 Bf6 19. Qd6 Bc3+ 20. Ke2 a6 21. Rc1 Nf5 22. Qd3 Bb2 23. Rxc8+ Rxc8 24. Qxd7+ Kf8 25. Qxc8+ Kg7 26. Qc2 Bf6 27. Bd3 Nd6 28. Qc5 Rd8 29. e4 Nc8 30. e5 Be7 31. Qc7 f6 32. exf6+ Kxf6 33. Qe5+ Kf7 34. Bc4+ Ke8 35. Be6 Nd6 36. Qh8+ 1-0

[Event "Calgary 14th"]
[Site "Calgary"]
[Date "2023.12.30"]
[Round "9"]
[White "Malek, Omid"]
[Black "Tolentino, Patrick Angelo"]
[Result "1/2-1/2"]
[WhiteElo "2032"]
[BlackElo "2102"]
[PlyCount "55"]
[EventDate "2023.12.26"]
[EventType "swiss"]
[EventRounds "9"]
[EventCountry "CAN"]
[SourceTitle "CB02_2024"]
[SourceDate "2024.01.10"]
[SourceVersion "1"]
[SourceVersionDate "2024.01.10"]
[SourceQuality "1"]

1. e4 c6 2. d4 d5 3. exd5 cxd5 4. Bf4 Nc6 5. c3 Nf6 6. Nd2 Bf5 7. Ngf3 e6 8. Qb3 Qc8 9. Nh4 Bg4 10. h3 Bh5 11. Bd3 Be7 12. Nhf3 Bg6 13. Bxg6 hxg6 14. Ne5 Nd7 15. Nd3 a6 16. a4 Na5 17. Qc2 Nc4 18. Nf3 b6 19. 0-0 0-0 20. Rfe1 b5 21. Nfe5 Ncxe5 22. Nxe5 Nxe5 23. Bxe5 b4 24. Re3 Qb7 25. b3 Rac8 26. c4 dxc4 27. bxc4 Bf6 28. Bxf6 1/2-1/2

[Event "Banff op"]
[Site "Banff"]
[Date "2023.11.11"]
[Round "3"]
[White "Aljo, Johan"]
[Black "Malek, Omid"]
[Result "1-0"]
[WhiteElo "1686"]
[BlackElo "2054"]
[PlyCount "109"]
[EventDate "2023.11.10"]
[EventType "swiss"]
[EventRounds "6"]
[EventCountry "CAN"]
[SourceTitle "CB47_2023"]
[SourceDate "2023.11.22"]
[SourceVersion "1"]
[SourceVersionDate "2023.11.22"]
[SourceQuality "1"]

1. d4 f5 2. Nc3 d5 3. Bf4 Nf6 4. e3 e6 5. Nb5 Na6 6. a3 Be7 7. Nf3 0-0 8. Be2 Bd7 9. 0-0 Bxb5 10. Bxb5 Nb8 11. Ne5 c6 12. Bd3 Nbd7 13. c4 Nxe5 14. Bxe5 Ng4 15. Bg3 Bd6 16. Qf3 Bxg3 17. Qxg3 Qf6 18. h3 Nh6 19. Rad1 Nf7 20. h4 Kh8 21. f4 g6 22. c5 h6 23. b4 Rg8 24. Kf2 Rg7 25. a4 a6 26. Rh1 Kg8 27. Qh3 Qe7 28. Rb1 a5 29. b5 b6 30. cxb6 cxb5 31. Bxb5 Rb8 32. Be2 Qd8 33. g4 Nd6 34. gxf5 Ne4+ 35. Ke1 gxf5 36. Bf3 Rg3 37. Qf1 Qc8 38. Bxe4 Qc3+ 39. Kd1 dxe4 40. Rg1 Qxe3 41. Rxg3+ Qxg3 42. Kd2 Kh8 43. b7 Kh7 44. Qb5 Qxf4+ 45. Kc3 Qc7+ 46. Kd2 f4 47. h5 Rg8 48. Qc5 Qd7 49. b8Q Rg2+ 50. Ke1 Qg7 51. Rb7 Rg1+ 52. Kd2 e3+ 53. Kc2 e2 54. Rxg7+ Rxg7 55. Qce5 1-0

[Event "Banff op"]
[Site "Banff"]
[Date "2023.11.10"]
[Round "2"]
[White "Malek, Omid"]
[Black "Chen, Ryan1"]
[Result "1-0"]
[WhiteElo "2054"]
[BlackElo "1688"]
[PlyCount "83"]
[EventDate "2023.11.10"]
[EventType "swiss"]
[EventRounds "6"]
[EventCountry "CAN"]
[SourceTitle "CB47_2023"]
[SourceDate "2023.11.22"]
[SourceVersion "1"]
[SourceVersionDate "2023.11.22"]
[SourceQuality "1"]

1. d4 d5 2. Nc3 Nf6 3. Bf4 e6 4. Nb5 Na6 5. e3 Be7 6. h4 0-0 7. h5 c6 8. Nc3 Qa5 9. a3 c5 10. Bd3 c4 11. Bf1 b5 12. Nge2 Bd7 13. f3 h6 14. g4 Nh7 15. Bg2 Bc6 16. 0-0 Rad8 17. Qe1 Qb6 18. Qg3 Rd7 19. Kh1 Qd8 20. e4 dxe4 21. fxe4 Nf6 22. Bf3 b4 23. axb4 Nxb4 24. Rac1 Nh7 25. Qf2 Ng5 26. Bg2 Qa8 27. Ng3 Rfd8 28. Rcd1 Bd6 29. Bxd6 Rxd6 30. Rd2 R8d7 31. Rfd1 a6 32. d5 exd5 33. Qc5 Qb8 34. Nf5 Rf6 35. exd5 Ba8 36. Qxc4 g6 37. Qd4 Nh7 38. Ne4 Nxd5 39. Nc5 Rc7 40. hxg6 fxg6 41. Bxd5+ Kf8 42. Ne6+ 1-0

[Event "Montreal Pere Noel op"]
[Site "Montreal"]
[Date "2022.12.27"]
[Round "1"]
[White "Hu, Raymond"]
[Black "Malek, Omid"]
[Result "0-1"]
[WhiteElo "1374"]
[BlackElo "2002"]
[PlyCount "75"]
[EventDate "2022.12.27"]
[EventType "swiss"]
[EventRounds "5"]
[EventCountry "CAN"]
[SourceTitle "CBM 211 Extra"]
[Source "ChessBase"]
[SourceDate "2023.01.31"]
[SourceVersion "1"]
[SourceVersionDate "2023.01.31"]
[SourceQuality "1"]

1. e4 c5 2. Nf3 d6 3. d4 cxd4 4. Nxd4 Nf6 5. Nc3 a6 6. Bg5 e6 7. Be2 Be7 8. 0-0 0-0 9. Kh1 Qc7 10. f4 h6 11. Bxf6 Bxf6 12. Bf3 Nd7 13. Qd2 Nb6 14. b3 Bd7 15. Rad1 Rac8 16. Nce2 Rcd8 17. c4 e5 18. Nf5 Bxf5 19. exf5 Rfe8 20. Ng3 Bh4 21. Nh5 Qe7 22. g3 Bf6 23. Nxf6+ gxf6 24. fxe5 dxe5 25. Qxh6 e4 26. Rde1 e3 27. Bg2 Rd4 28. Rf4 Qe5 29. Qh4 Red8 30. Re4 Rxe4 31. Qxe4 Qc3 32. Rf1 Kf8 33. h3 Rd4 34. Qf3 Qd2 35. Qxb7 e2 36. Qxb6 exf1Q+ 37. Bxf1 Qf2 38. Qb8+ 0-1

[Event "Calgary 13th"]
[Site "Calgary"]
[Date "2022.09.23"]
[Round "6"]
[White "Jaferian, Koosha"]
[Black "Malek, Omid"]
[Result "0-1"]
[WhiteElo "2236"]
[BlackElo "2033"]
[PlyCount "70"]
[EventDate "2022.09.20"]
[EventType "tourn"]
[EventRounds "9"]
[EventCountry "CAN"]
[SourceTitle "CBM 210 Extra"]
[Source "ChessBase"]
[SourceDate "2022.11.30"]
[SourceVersion "1"]
[SourceVersionDate "2022.11.30"]
[SourceQuality "1"]

1. e4 c5 2. Nc3 Nc6 3. Bb5 g6 4. Bxc6 bxc6 5. d3 Rb8 6. f4 Bg7 7. Nf3 d6 8. 0-0 Nf6 9. Qe1 Bg4 10. b3 Bxf3 11. Rxf3 Nd7 12. Bb2 Bd4+ 13. Kh1 e6 14. Na4 0-0 15. e5 Bxb2 16. Nxb2 d5 17. Qe3 f6 18. Na4 fxe5 19. fxe5 Rxf3 20. gxf3 Qe7 21. Rg1 Rf8 22. Rg4 Rf5 23. f4 Kg7 24. Qg3 Qf7 25. Nc3 Nxe5 26. Rh4 Nd7 27. Ne2 h5 28. Qg1 Kf8 29. Qe3 Qf6 30. Rh3 e5 31. fxe5 Nxe5 32. Qxc5+ Kg8 33. Rg3 Ng4 34. h3 Rf2 35. Kg1 Qa1+ 0-1

[Event "Calgary 13th"]
[Site "Calgary"]
[Date "2022.09.23"]
[Round "5"]
[White "Malek, Omid"]
[Black "Tolentino, Patrick Angelo"]
[Result "0-1"]
[WhiteElo "2033"]
[BlackElo "1944"]
[PlyCount "102"]
[EventDate "2022.09.20"]
[EventType "tourn"]
[EventRounds "9"]
[EventCountry "CAN"]
[SourceTitle "CBM 210 Extra"]
[Source "ChessBase"]
[SourceDate "2022.11.30"]
[SourceVersion "1"]
[SourceVersionDate "2022.11.30"]
[SourceQuality "1"]

1. d4 Nf6 2. Nf3 g6 3. c4 Bg7 4. Nc3 0-0 5. Bg5 d6 6. e3 Nbd7 7. Qc2 h6 8. Bh4 c6 9. Be2 e5 10. Rd1 Qa5 11. 0-0 Re8 12. Nd2 Qb6 13. Nb3 Nf8 14. c5 dxc5 15. Na4 Qc7 16. Naxc5 N6d7 17. Nxd7 Bxd7 18. d5 Qc8 19. d6 Bf5 20. e4 Bd7 21. f3 Ne6 22. Bf2 b6 23. Bc4 c5 24. Bd5 Bc6 25. Qc4 Qd7 26. Bxc6 Qxc6 27. Rd5 Nf4 28. Rd2 Rad8 29. Rfd1 Rd7 30. Qa6 Red8 31. Bxc5 Bf8 32. Ba3 Bxd6 33. Rc1 Bc5+ 34. Rxc5 Rxd2 35. Nxd2 Qd7 36. Rd5 Nxd5 37. exd5 Qxd5 38. Ne4 Qd4+ 39. Kf1 f5 40. Nf6+ Kh8 41. Qxa7 Qc4+ 42. Kf2 Qh4+ 43. Ke2 Qxf6 44. Be7 Qf7 45. Qa3 Qc4+ 46. Kf2 Qc2+ 47. Kg3 f4+ 48. Kh4 Qf5 49. g4 g5+ 50. Kh3 Qd3 51. Bf6+ Kg8 0-1

[Event "Quebec op"]
[Site "Laval"]
[Date "2022.09.06"]
[Round "9"]
[White "Bluvshtein, Ilia"]
[Black "Malek, Omid"]
[Result "0-1"]
[WhiteElo "2034"]
[BlackElo "2033"]
[PlyCount "46"]
[EventDate "2022.09.01"]
[EventType "swiss"]
[EventRounds "9"]
[EventCountry "CAN"]
[SourceTitle "CBM 210 Extra"]
[Source "ChessBase"]
[SourceDate "2022.11.30"]
[SourceVersion "1"]
[SourceVersionDate "2022.11.30"]
[SourceQuality "1"]

1. e4 c5 2. Nf3 d6 3. d4 cxd4 4. Nxd4 Nf6 5. Nc3 a6 6. Bg5 e6 7. f4 Be7 8. Qf3 Qc7 9. 0-0-0 Nbd7 10. g4 b5 11. Bxf6 Nxf6 12. g5 Nd7 13. f5 0-0 14. f6 gxf6 15. gxf6 Nxf6 16. e5 dxe5 17. Rg1+ Kh8 18. Qxa8 exd4 19. Ne4 Bb7 20. Qxf8+ Bxf8 21. Nxf6 Qf4+ 22. Kb1 Qxf6 23. Bd3 Qh4 0-1

[Event "Quebec op"]
[Site "Laval"]
[Date "2022.09.01"]
[Round "1"]
[White "Latreille, Etienne"]
[Black "Malek, Omid"]
[Result "1/2-1/2"]
[WhiteElo "1680"]
[BlackElo "2033"]
[PlyCount "81"]
[EventDate "2022.09.01"]
[EventType "swiss"]
[EventRounds "9"]
[EventCountry "CAN"]
[SourceTitle "CBM 210 Extra"]
[Source "ChessBase"]
[SourceDate "2022.11.30"]
[SourceVersion "1"]
[SourceVersionDate "2022.11.30"]
[SourceQuality "1"]

1. e4 c5 2. Nf3 d6 3. Bb5+ Nd7 4. a4 Ngf6 5. Nc3 a6 6. Be2 e5 7. a5 Be7 8. d3 h6 9. 0-0 Nf8 10. Nd2 Ng6 11. Nc4 Be6 12. Nb6 Rb8 13. Bh5 0-0 14. Kh1 Qe8 15. g3 Bd8 16. Nbd5 Nxh5 17. Qxh5 Qd7 18. Ne3 Bg5 19. Ncd5 Bxd5 20. Nxd5 Bxc1 21. Rfxc1 Ne7 22. Nb6 Qe6 23. g4 Rbd8 24. g5 Qg6 25. Qxg6 fxg6 26. Rf1 hxg5 27. Nc4 Nc6 28. Ra3 Rd7 29. Rb3 Nd4 30. Rb6 Rf6 31. c3 Ne2 32. Rd1 g4 33. Kg2 Nf4+ 34. Kg3 Nh3 35. Rd2 Kh7 36. Ne3 Rf3+ 37. Kxg4 Rdf7 38. Nf5 Rf4+ 39. Kxh3 gxf5 40. Rxd6 fxe4 41. dxe4 1/2-1/2

[Event "Titled Tuesday intern op 30th Aug Early"]
[Site "Chess.com INT"]
[Date "2022.08.30"]
[Round "6"]
[White "Balkum, Alexander"]
[Black "Malek, Omid"]
[Result "0-1"]
[WhiteElo "2107"]
[BlackElo "2043"]
[PlyCount "48"]
[EventDate "2022.08.30"]
[EventType "swiss (blitz)"]
[EventRounds "11"]
[EventCountry "USA"]
[SourceTitle "EXT 2023"]
[Source "ChessBase"]
[SourceDate "2022.10.05"]
[SourceVersion "1"]
[SourceVersionDate "2022.10.05"]
[SourceQuality "1"]

1. e4 c5 2. Nf3 d6 3. d4 cxd4 4. Nxd4 Nf6 5. Nc3 a6 6. Bg5 e6 7. f4 Nbd7 8. Qf3 Qc7 9. 0-0-0 b5 10. Bd3 Bb7 11. Rhe1 b4 12. Nd5 Nxd5 13. exd5 Nc5 14. Bc4 f6 15. Nxe6 Nxe6 16. Rxe6+ Kf7 17. Qh5+ Kg8 18. Bxf6 Qxc4 19. g3 Rc8 20. c3 Qc7 21. Qg4 Qf7 22. Rde1 h5 23. Qf5 bxc3 24. Re7 cxb2+ 0-1

[Event "Titled Tuesday intern op 30th Aug Late"]
[Site "Chess.com INT"]
[Date "2022.08.30"]
[Round "11"]
[White "Biriukov, Ilja"]
[Black "Malek, Omid"]
[Result "0-1"]
[WhiteElo "2311"]
[BlackElo "2043"]
[PlyCount "72"]
[EventDate "2022.08.30"]
[EventType "swiss (blitz)"]
[EventRounds "11"]
[EventCountry "USA"]
[SourceTitle "EXT 2023"]
[Source "ChessBase"]
[SourceDate "2022.10.05"]
[SourceVersion "1"]
[SourceVersionDate "2022.10.05"]
[SourceQuality "1"]

1. d4 Nf6 2. c4 e6 3. Nc3 Bb4 4. Qb3 c5 5. e3 0-0 6. Nf3 Nc6 7. Be2 cxd4 8. exd4 d5 9. Bd2 dxc4 10. Bxc4 a5 11. a3 Bd6 12. 0-0-0 a4 13. Qc2 Na5 14. Bd3 Nb3+ 15. Kb1 Bd7 16. Bg5 h6 17. Bh4 Rc8 18. g4 Qb6 19. g5 hxg5 20. Bxg5 Nd5 21. Nxd5 exd5 22. Qe2 Rfe8 23. Qf1 Bxa3 24. Qg2 Nxd4 25. Rd2 Bf5 26. Ne1 Rxe1+ 27. Rxe1 Bxd3+ 28. Ka1 Nc2+ 29. Rxc2 Bxc2 30. Bc1 Bf8 31. f4 a3 32. Qxd5 axb2+ 33. Bxb2 Ra8+ 34. Qa2 Rxa2+ 35. Kxa2 Qb3+ 36. Ka1 Qa4+ 0-1

[Event "Titled Tuesday intern op 30th Aug Late"]
[Site "Chess.com INT"]
[Date "2022.08.30"]
[Round "2"]
[White "Harvey, Marcus Ross"]
[Black "Malek, Omid"]
[Result "1/2-1/2"]
[WhiteElo "2456"]
[BlackElo "2043"]
[PlyCount "125"]
[EventDate "2022.08.30"]
[EventType "swiss (blitz)"]
[EventRounds "11"]
[EventCountry "USA"]
[SourceTitle "EXT 2023"]
[Source "ChessBase"]
[SourceDate "2022.10.05"]
[SourceVersion "1"]
[SourceVersionDate "2022.10.05"]
[SourceQuality "1"]

1. b3 e5 2. Bb2 Nc6 3. e3 Nf6 4. c4 Be7 5. Nc3 0-0 6. Nf3 d6 7. h3 Bf5 8. Be2 h6 9. d4 exd4 10. Nxd4 Nxd4 11. Qxd4 Bh7 12. Nd5 Ne8 13. Nxe7+ Qxe7 14. Bf3 Rb8 15. Rc1 a6 16. 0-0 Bf5 17. Rfd1 f6 18. c5 Kh7 19. Ba3 Qe5 20. cxd6 Qxd4 21. Rxd4 cxd6 22. Rxd6 Nxd6 23. Bxd6 Rfc8 24. Rxc8 Rxc8 25. Bxb7 Rc1+ 26. Kh2 Rc2 27. f3 Rxa2 28. e4 Be6 29. b4 Bc4 30. Kg1 Kg8 31. h4 Kf7 32. h5 Ke6 33. Bf8 Kf7 34. Bc5 a5 35. Bc6 axb4 36. Bxb4 Rb2 37. Ba5 Ra2 38. Bb4 Be6 39. Kh2 Rb2 40. Be1 Rc2 41. Ba4 Ra2 42. Bb5 Rb2 43. Ba6 f5 44. exf5 Bxf5 45. Bc3 Rc2 46. Bd4 g6 47. hxg6+ Kxg6 48. Kg3 h5 49. Bb5 h4+ 50. Kxh4 Rxg2 51. Be8+ Kh7 52. Be5 Bg6 53. Bxg6+ Kxg6 54. Kh3 Rg1 55. f4 Kf5 56. Kh2 Rg8 57. Kh1 Kg4 58. f5 Kxf5 59. Bh2 Kg4 60. Bg1 Kf3 61. Bh2 Kf2 62. Be5 Rh8+ 63. Bxh8 1/2-1/2

[Event "Titled Tuesday intern op 30th Aug Early"]
[Site "Chess.com INT"]
[Date "2022.08.30"]
[Round "2"]
[White "Kambrath, Yannick"]
[Black "Malek, Omid"]
[Result "0-1"]
[WhiteElo "2401"]
[BlackElo "2043"]
[PlyCount "100"]
[EventDate "2022.08.30"]
[EventType "swiss (blitz)"]
[EventRounds "11"]
[EventCountry "USA"]
[SourceTitle "EXT 2023"]
[Source "ChessBase"]
[SourceDate "2022.10.05"]
[SourceVersion "1"]
[SourceVersionDate "2022.10.05"]
[SourceQuality "1"]

1. e4 c5 2. d4 cxd4 3. Nf3 d6 4. Bb5+ Bd7 5. a4 a6 6. Bc4 e6 7. 0-0 Nc6 8. Nxd4 Rc8 9. Re1 Qc7 10. Nxc6 Bxc6 11. Nc3 Nf6 12. Bf4 Rd8 13. Qe2 Be7 14. Nd5 Bxd5 15. exd5 e5 16. Be3 0-0 17. a5 Rc8 18. b3 Nd7 19. Bd3 f5 20. c4 e4 21. Bc2 Bf6 22. Ra2 Be5 23. f4 Bc3 24. Rea1 Bxa1 25. Rxa1 Nf6 26. Bd4 Qf7 27. b4 Kh8 28. Bb3 Qe7 29. Rd1 Rfe8 30. h3 h6 31. Qe3 Kh7 32. c5 Nd7 33. Rc1 Rc7 34. c6 bxc6 35. Rxc6 Rxc6 36. dxc6 Nb8 37. Bd5 Rc8 38. Qc3 Nxc6 39. Bxc6 e3 40. Kf1 e2+ 41. Ke1 Qh4+ 42. Kxe2 Qxf4 43. b5 axb5 44. a6 b4 45. Qc4 b3 46. a7 b2 47. Qd3 Rxc6 48. a8Q Rc1 49. Be3 Qf1+ 50. Kd2 Qe1# 0-1

[Event "Titled Tuesday intern op 30th Aug Early"]
[Site "Chess.com INT"]
[Date "2022.08.30"]
[Round "4"]
[White "Malek, Omid"]
[Black "Ezat, Mohamed Mahmoud"]
[Result "1-0"]
[WhiteElo "2043"]
[BlackElo "2391"]
[PlyCount "129"]
[EventDate "2022.08.30"]
[EventType "swiss (blitz)"]
[EventRounds "11"]
[EventCountry "USA"]
[SourceTitle "EXT 2023"]
[Source "ChessBase"]
[SourceDate "2022.10.05"]
[SourceVersion "1"]
[SourceVersionDate "2022.10.05"]
[SourceQuality "1"]

1. d4 Nf6 2. Bf4 d5 3. e3 c5 4. c3 Nc6 5. Nd2 Bg4 6. Qb3 Qc8 7. Ngf3 Bxf3 8. Nxf3 e6 9. h3 a6 10. a4 Be7 11. Be2 0-0 12. 0-0 c4 13. Qc2 b5 14. Nd2 b4 15. e4 Qd7 16. e5 Ne8 17. Rfe1 Nc7 18. Nf3 Rfb8 19. Ng5 Bxg5 20. Bxg5 Ne7 21. g4 bxc3 22. bxc3 Rb3 23. Bd1 Rab8 24. Bc1 Ng6 25. Qe2 Rxc3 26. Bc2 Rxh3 27. Be3 Qe7 28. g5 Rh4 29. Qf3 Rb2 30. Rec1 a5 31. Rab1 Rxb1 32. Rxb1 Qe8 33. Qg3 Rh5 34. Bd1 Rh4 35. Bc2 Re4 36. Bxe4 dxe4 37. Qg4 Qc6 38. Rb8+ Nf8 39. d5 Qxd5 40. Qe2 g6 41. Qb2 Kg7 42. Qd4 Nd7 43. Qxd5 Nxd5 44. Rc8 Nxe5 45. Bd4 f6 46. gxf6+ Kxf6 47. Rh8 Kf5 48. Rf8+ Kg4 49. Bxe5 e3 50. fxe3 c3 51. Rc8 Kf3 52. Bxc3 h5 53. Bxa5 h4 54. Bc7 h3 55. a5 Nxe3 56. a6 e5 57. Bxe5 Ng4 58. Bb8 g5 59. a7 Ne5 60. a8Q+ Kf4 61. Bxe5+ Kg4 62. Qa4+ Kh5 63. Qe4 g4 64. Qh7+ Kg5 65. Rg8# 1-0

[Event "Toronto Ontario op"]
[Site "Toronto"]
[Date "2022.05.23"]
[Round "6"]
[White "Malek, Omid"]
[Black "Pramanik, Projjwal"]
[Result "0-1"]
[WhiteElo "2080"]
[BlackElo "1935"]
[PlyCount "28"]
[EventDate "2022.05.21"]
[EventType "swiss"]
[EventRounds "6"]
[EventCountry "CAN"]
[SourceTitle "CBM 209 Extra"]
[Source "ChessBase"]
[SourceDate "2022.09.30"]
[SourceVersion "1"]
[SourceVersionDate "2022.09.30"]
[SourceQuality "1"]

1. Nf3 g6 2. c4 c5 3. g3 Bg7 4. Bg2 Nc6 5. Nc3 Nf6 6. 0-0 0-0 7. e4 d6 8. d3 Bg4 9. h3 Bd7 10. Be3 e5 11. Qd2 Nd4 12. Ne1 Qa5 13. Rd1 b5 14. b3 Qxc3 0-1

[Event "Calgary 12th"]
[Site "Calgary"]
[Date "2019.08.04"]
[Round "8"]
[White "Malek, Omid"]
[Black "Sarkar, Justin"]
[Result "0-1"]
[WhiteElo "2141"]
[BlackElo "2389"]
[PlyCount "90"]
[EventDate "2019.07.31"]
[EventType "tourn"]
[EventRounds "10"]
[EventCountry "CAN"]
[EventCategory "1"]
[SourceTitle "CBM 191 Extra"]
[Source "ChessBase"]
[SourceDate "2019.09.30"]
[SourceVersion "1"]
[SourceVersionDate "2019.09.30"]
[SourceQuality "1"]

1. c4 Nf6 2. Nc3 e5 3. Nf3 Nc6 4. d4 exd4 5. Nxd4 Bb4 6. Bg5 h6 7. Bh4 d6 8. e3 Bxc3+ 9. bxc3 Ne5 10. Be2 0-0 11. 0-0 Ng6 12. Bg3 Ne4 13. Qc2 Qe7 14. Rfd1 Nxg3 15. hxg3 Re8 16. Rab1 Ne5 17. Nf3 b6 18. Nxe5 dxe5 19. Bf3 e4 20. Be2 Bd7 21. c5 Bc6 22. cxb6 axb6 23. Rd4 Ra5 24. Bc4 h5 25. Qe2 Rea8 26. Rbd1 g6 27. g4 Kg7 28. g3 Rh8 29. Bd5 Bxd5 30. Rxd5 Rxd5 31. Rxd5 Qe6 32. Qd1 hxg4 33. Qd4+ Qf6 34. Qxe4 Qxc3 35. Kg2 Qa1 36. Qd4+ Qxd4 37. Rxd4 Ra8 38. a4 f5 39. e4 Kf6 40. exf5 gxf5 41. f4 Ke6 42. Rb4 Ra5 43. Kf2 Kd5 44. Ke3 Kc5 45. Rd4 b5 0-1

[Event "Calgary 12th"]
[Site "Calgary"]
[Date "2019.08.01"]
[Round "3"]
[White "Sarkar, Justin"]
[Black "Malek, Omid"]
[Result "1-0"]
[WhiteElo "2389"]
[BlackElo "2141"]
[PlyCount "77"]
[EventDate "2019.07.31"]
[EventType "tourn"]
[EventRounds "10"]
[EventCountry "CAN"]
[EventCategory "1"]
[SourceTitle "CBM 191 Extra"]
[Source "ChessBase"]
[SourceDate "2019.09.30"]
[SourceVersion "1"]
[SourceVersionDate "2019.09.30"]
[SourceQuality "1"]

1. d4 Nf6 2. c4 e6 3. Nc3 Bb4 4. e3 b6 5. a3 Bxc3+ 6. bxc3 Bb7 7. Ne2 0-0 8. Ng3 d6 9. Bd3 e5 10. e4 Nc6 11. Be3 Ne7 12. 0-0 Ng6 13. f3 Re8 14. Qd2 Bc6 15. Nf5 Bd7 16. g4 Kh8 17. h4 Ne7 18. Ng3 Nfg8 19. Kg2 Qc8 20. h5 f6 21. Nf5 Nxf5 22. gxf5 Ne7 23. Rh1 Nxf5 24. exf5 Bxf5 25. Rh4 Be6 26. Re1 f5 27. h6 gxh6 28. Bxh6 Rg8+ 29. Kf2 Qd7 30. d5 Bf7 31. Bg5 Rg6 32. Reh1 Bg8 33. Rh6 Kg7 34. Rxg6+ hxg6 35. Kg1 Qa4 36. Qh2 Qe8 37. Qh8+ Kf8 38. Rh7 Qf7 39. Rh1 1-0